000 00444nam a2200145Ia 4500
008 230917s9999||||xx |||||||||||||| ||und||
040 _e105026
_aMAIN
041 _aEnglish
082 _a531 T343T
100 _aCasey, James, Ed.
245 0 _aTheoretical, experimental, and numerical contributions to the mechanics of fluids and solids: Papers in honor P M Naghdi
260 _aBoston
_bBirkhauser
_c1995
300 _aS847 p.
942 _cBK
999 _c120451
_d120451